| 000 | 00659nam a22002297a 4500 | ||
|---|---|---|---|
| 005 | 20170124110104.0 | ||
| 010 | _aA-761457 | ||
| 020 | _c00.00 | ||
| 035 | _aA-761457 | ||
| 037 | _bCen Lib/Ret | ||
| 040 |
_aDPL _bEN |
||
| 082 |
_aS _bLAN |
||
| 245 |
_aLanguage of love : _cedited by Aruna Jethwani _ban anthology of short stories / |
||
| 260 |
_aNew Delhi _bSterling publishers _c1995 |
||
| 270 |
_bNew Delhi _aL-10, Green park extention _e110016 |
||
| 300 |
_aix,89p. _c18cm(Hb) |
||
| 500 | _aIncludes glossary | ||
| 650 |
_aLiterature _96262 |
||
| 650 |
_aShort stories _944 |
||
| 700 |
_927481 _aJethwani, Aruna |
||
| 942 |
_2ddc _cEN _hS _mLAN |
||
| 999 |
_c129927 _d129927 |
||